| Поле | Название | Значение |
| |
Тип записи |
a |
| |
Библиографический уровень |
m |
| 001 |
Контрольный номер |
UONB/MAIN/4a0705a48b954bddb686105cee1cd50f |
| 005 |
Дата корректировки |
20260506103236.2 |
| 010 |
Индекс ISBN |
__ |
| 9 |
Тираж |
19000 экз. |
| 100 |
Данные общей обработки |
__ |
| a |
Данные общей обработки |
20260506d1979 u u0rusy0189 ca |
| 101 |
Язык документа |
0_ |
| a |
Язык текста |
rus |
| 102 |
Страна публикации |
__ |
| a |
Страна публикации |
RU |
| 105 |
Кодированные данные (монография) |
__ |
| a |
Кодированные данные (монография) |
a z 001yy |
| 200 |
Заглавие и сведения об ответственности |
1_ |
| a |
Заглавие |
Ветеринарные препараты в аэрозольных баллонах |
| f |
Первые сведения об ответственности |
В. С. Ярных, М. А. Симецкий |
| 203 |
Вид содержания и тип средства |
__ |
| a |
Вид содержания |
Текст |
| b |
Характеристика содержания |
визуальный |
| c |
Тип средства |
непосредственный |
| 210 |
Выходные данные |
1_ |
| a |
Место издания |
Москва |
| c |
Издательство |
Колос |
| d |
Дата издания |
1979 |
| 215 |
Физическое описание |
__ |
| a |
Объем |
167 с. |
| d |
Формат |
20 см |
| c |
Иллюстрации/тип воспроизводства |
ил. |
| 225 |
Серия |
1_ |
| a |
Серия |
Новое в сельском хозяйстве |
| 320 |
Библиография |
__ |
| a |
Библиография |
Библиогр.: с. 165-166 |
| 606 |
Тематические рубрики |
0_ |
| a |
Основная рубрика |
Ветеринарные препараты |
| x |
Основная подрубрика |
Аэрозоли |
| 606 |
Тематические рубрики |
0_ |
| a |
Основная рубрика |
Аэрозольные упаковки |
| 610 |
Ключевые слова |
0_ |
| a |
Ключевые слова |
аэрозоли; применение аэрозолей в ветеринарии; аэрозоли в ветеринарии; аэрозольная терапия в ветеринарии |
| 675 |
Индекс УДК |
__ |
| a |
Индекс УДК |
636.095.9 |
| 686 |
Индексы других классификаций |
__ |
| a |
Классификационный индекс |
48.5 |
| 2 |
Код системы |
rubbk |
| 700 |
Автор |
_1 |
| a |
Фамилия |
Ярных |
| b |
Имя (инициалы) |
В. С. |
| g |
Полное личное имя |
Владимир Сергеевич |
| 701 |
Альтернативная интеллектуальная ответственность |
_1 |
| a |
Фамилия |
Симецкий |
| b |
Имя (инициалы) |
М. А. |
| g |
Полное личное имя |
Марк Аркадьевич |
| 801 |
Источник записи |
_0 |
| a |
Страна |
RU |
| b |
Организация |
Ульяновская ОНБ |
| c |
Дата составления |
20260506 |
| g |
Правила каталогизации |
RCR |
| 801 |
Источник записи |
_1 |
| a |
Страна |
RU |
| b |
Организация |
Ульяновская ОНБ |
| c |
Дата составления |
20260506 |
| g |
Правила каталогизации |
RCR |
| 901 |
Тип документа |
__ |
| t |
Тип документа |
m |
| 909 |
Создатель записи |
__ |
| a |
Создатель записи |
Седова |
| b |
Дата создания записи |
20260506 |